| 000 | 00532nam a2200205Ia 4500 | ||
|---|---|---|---|
| 999 |
_c13414 _d13414 |
||
| 003 | 0100 | ||
| 005 | 20180219155843.0 | ||
| 008 | 130303s9999 xx 000 0 und d | ||
| 020 | _a520030222 | ||
| 040 | _cARRUPELIB | ||
| 050 | _aDT763.6.G47 1978 | ||
| 100 |
_aGerhart, Gail M. _939460 |
||
| 245 |
_aBlack power in South Africa: _bthe evolution of an ideology / |
||
| 260 |
_aBerkeley _bUniversity of California Press _c1978 |
||
| 300 | _a364 p. | ||
| 300 | _b 23 cm. | ||
| 440 |
_aPerspectives on Southern Africa; no. 19 _939461 |
||
| 650 |
_aAfrican National Congress _939462 |
||
| 650 |
_aSouth Africa _xPolitics _928923 |
||
| 650 |
_aSouth Africa _xRace relations _929009 |
||
| 650 |
_aBlacks _xRace identity _zSouth Africa _939463 |
||
| 650 |
_aBlacks _xPolitics _zSouth Africa _939464 |
||
| 942 |
_2lcc _cMONOGRAPH |
||